La tutela colectiva en materia de consumo en España : estado actual y líneas de reforma /

Bibliographic Details
Main Author: Sanjurjo Ríos, Eva Isabel (Author)
Format: Electronic eBook
Language:Spanish
Published: Madrid : Dykinson, S.L., [2024]
Series:Colección Ética, justicia y proceso.
Subjects:
Online Access:Digitalia Hispánica

MARC

LEADER 00000nam a2200000 i 4500
001 DIGDYK3960
003 NyNyDIG
007 cr |||||||||||
008 250401s2024 sp ob 000 0 spa d
006 m o d
035 |a (OCoLC)1496394590 
040 |a DGITA  |b eng  |e rda  |e pn  |c DGITA 
020 |a 9788410709911  |q electrónico 
020 |z 9788410709652 
043 |a e-sp--- 
050 1 4 |a KKT1763.5 ebook 
100 1 |a Sanjurjo Ríos, Eva Isabel,  |e author. 
245 1 3 |a La tutela colectiva en materia de consumo en España :  |b estado actual y líneas de reforma /  |c Eva Isabel Sanjurjo Ríos. 
264 1 |a Madrid :  |b Dykinson, S.L.,  |c [2024] 
300 |a 1 online resource. 
336 |a text  |b txt  |2 rdacontent 
337 |a computer  |b c  |2 rdamedia 
338 |a online resource  |b cr  |2 rdacarrier 
347 |a text file  |2 rdaft 
347 |b PDF 
490 1 |a Colección Ética, justicia y proceso 
504 |a Includes bibliographical references. 
588 0 |a Online resource; title from PDF title page (Digitalia, viewed April 1, 2025) 
650 0 |a Class actions (Civil procedure)  |z Spain. 
650 0 |a Citizen suits (Civil procedure)  |z Spain. 
791 2 |a Digitalia (Firm),  |e distributor. 
793 0 |g Digitalia eBook Collection:  |a Dykinson Editorial 
776 0 8 |i Print version:  |a Sanjurjo Ríos, Eva Isabel.  |t Tutela colectiva en materia de consumo en España.  |d Madrid : Dykinson, S.L., [2024]  |z 9788410709652 
830 0 |a Colección Ética, justicia y proceso. 
856 4 0 |3 Digitalia Hispánica  |u https://www.digitaliapublishing.com/a/170826/ 
910 |a Premium collection: 2025